Open Data Biblioteca Nacional de Portugal


República Portuguesa: Ministério da Cultura
Biblioteca Nacional de Portugal

Catálogo da BNP: acesso por Identificadores Unívocos
Registos Bibliográficos associados ao registo de autoridade

Etiqueta de registo: 00254nam 2200025 450
001 2283379
003 http://id.bnportugal.gov.pt/bib/catbnp/2283379
100 ## $a20260401d2025 k y0pory01030103ba
101 0# $apor$deng
102 ## $aPT
105 ## $ay m 000yy
106 ## $ar
200 1# $a Os laboriosos elos de um capital in SPE$e um estudo sobre a condição de classe do pequeno empresariado em Portugal$fAna Cláudia Alves da Silva$gorient. José Manuel Mendes, Elísio Guerreiro do Estanque
210 #9 $aCoimbra$c[s.n.],$d2025
215 ## $a2 v.$d30 cm
328 #1 $aTese dout. Sociologia (Relações de Trabalho, Desigualdades Sociais e Sindicalismo), Faculdade de Economia da Universidade de Coimbra, 2025
700 #1 $aSilva,$bAna Cláudia Alves da$31994454
702 #1 $aMendes,$bJosé Manuel,$f1948-$4727$328329
702 #1 $aEstanque,$bElísio,$f1952-$4727$325743
801 #0 $aPT$bBN$gRPC
966 ## $d1º V.$lBN$mFGMON$x1
966 ## $d2º V.$lBN$mFGMON$x1
971 ## $cabrito$d20260401

OpendataBNP@bnportugal.pt | Mais informação sobre acesso aos dados BNP